Work, postmodernism and organization : A critical introduction (Record no. 1398229)

MARC details
000 -LEADER
fixed length control field 00732nam a2200229Ia 4500
005 - DATE AND TIME OF LATEST TRANSACTION
control field 20250508165927.0
008 - FIXED-LENGTH DATA ELEMENTS--GENERAL INFORMATION
fixed length control field 008 250505s9999 xx 000 0 eng d
020 ## - INTERNATIONAL STANDARD BOOK NUMBER
International Standard Book Number 0-8039-8349-2
037 ## - SOURCE OF ACQUISITION
Stock number Textual
040 ## - CATALOGING SOURCE
Original cataloging agency FEDL
Language of cataloging eng
Transcribing agency FEDL
041 ## - LANGUAGE CODE
Language code of text/sound track or separate title eng
Source of code eng
084 ## - COLON CLASSIFICATION NUMBER
Classification number 303.4, HAN
Assigning agency FEDL
100 ## - MAIN ENTRY--PERSONAL NAME
Personal name Hancock Philip
9 (RLIN) 144367
245 #0 - TITLE STATEMENT
Title Work, postmodernism and organization : A critical introduction
260 ## - PUBLICATION, DISTRIBUTION, ETC.
Place of publication, distribution, etc. London, UK
Name of publisher, distributor, etc. Sage Publications
Date of publication, distribution, etc. 2001
300 ## - PHYSICAL DESCRIPTION
Extent 243p.
365 ## - TRADE PRICE
Price type code GBP
Price amount 19.99
546 ## - LANGUAGE NOTE
Language note MACESE; Acc. No. 91889 is gifted by H O D Namita Ranganathan in memory of Prof. Arvind Gaysu
700 ## - ADDED ENTRY--PERSONAL NAME
Personal name Tyler Melissa
9 (RLIN) 782432
942 ## - ADDED ENTRY ELEMENTS (KOHA)
Koha item type Textual
Classification part 303.4, HAN
Holdings
Withdrawn status Lost status Damaged status Not for loan Home library Current library Date acquired Cost, normal purchase price Total Checkouts Full call number Barcode Date last seen Price effective from Koha item type
        Department of Education Library Department of Education Library 2025-05-08 19.99   303.4, HAN EL0091889 2025-05-08 2025-05-08 Textual
Copyright @ Delhi University Library System